| 000 | 00813nam a2200193Ii 4500 | ||
|---|---|---|---|
| 003 | JO-AjNU | ||
| 008 | 230605s9999||||xx |||||||||||||| ||und|| | ||
| 040 |
_aJO-AjNU _bara _erda _cJO-AjNU |
||
| 041 | _aara | ||
| 050 | 1 | 4 | _aDS5154.6.Z37.J67 2011 |
| 100 | 3 |
_aجامعة الزرقاء؛ اشراف غنيم، عبد الحميد عبد القادر، البطوش، بسام ...وآخرون, _eauthor _948518 |
|
| 245 | 0 | 0 | _aموسوعة محافظة الزرقاء: دراسة مسحية شاملة |
| 264 | 3 | 1 | _aالزرقاء: جامعة الزرقاء، 2011 |
| 300 |
_a614ص _bصور توضيحية |
||
| 336 |
_atext _btxt _2rdacontent |
||
| 337 |
_aunmediated _bn _2rdamedia |
||
| 338 |
_avolume _bnc _2rdacarrier |
||
| 650 | 4 |
_aمحافطة الزرقاء- الاردن -تاريخ- دراسات _948519 |
|
| 999 |
_aA21253 _c24821 _d24821 |
||